The foundations of humanism /

Foundations of Humanism is a primer on secular humanism written by one of the leading figures in the movement.

Bibliographic Details
Main Author: Praag, J. P. van, 1911-1981
Format: Book
Language:English
Published: Buffalo, N.Y. : Prometheus Books, 1982.
Subjects:
Online Access:Publisher description

MARC

Tag First Indicator Second Indicator Subfields
LEADER 00000cam a2200000 a 4500
001 in00000374321
005 20240625163746.0
008 820402s1982 nyu b 001 0 eng
010 |a  82081708  
019 |a 8880905 
020 |a 0879751673 
020 |a 9780879751678 
029 1 |a AU@  |b 000002876646 
029 1 |a AU@  |b 000023053423 
029 1 |a NLGGC  |b 840737319 
035 |a (OCoLC)ocm08814537  
035 |a (OCoLC)8814537  |z (OCoLC)8880905 
035 |a (OCoLC)ocm08814537  
040 |a DLC  |b eng  |c DLC  |d MUQ  |d BAKER  |d NLGGC  |d YDXCP  |d WY@  |d ZID  |d OCLCO  |d OCLCQ  |d OCLCF  |d CAOXN  |d OCLCO  |d OCLCL 
041 1 |a eng  |h dut 
050 0 0 |a B821  |b .P6913 1982 
082 0 0 |a 144  |2 19 
084 |a 08.00  |2 bcl 
100 1 |a Praag, J. P. van,  |d 1911-1981. 
240 1 0 |a Grondslagen van humanisme.  |l English 
245 1 4 |a The foundations of humanism /  |c J.P. van Praag ; translated from the 2nd Dutch edition by Judy Herget. 
260 |a Buffalo, N.Y. :  |b Prometheus Books,  |c 1982. 
300 |a 186 pages ;  |c 24 cm 
336 |a text  |b txt  |2 rdacontent 
337 |a unmediated  |b n  |2 rdamedia 
338 |a volume  |b nc  |2 rdacarrier 
500 |a Translation of: Grondslagen van humanisme. 
504 |a Includes bibliographical references (pages 171-179) and index. 
505 0 |a The origins of humanism -- Starting points -- Practical applications -- My brother's keeper? 
520 |a Foundations of Humanism is a primer on secular humanism written by one of the leading figures in the movement. 
650 0 |a Humanism. 
650 1 |a Humanism. 
650 2 |a Humanism 
650 6 |a Humanisme. 
650 7 |a humanism.  |2 aat 
650 7 |a Humanism.  |2 fast  |0 (OCoLC)fst00963520 
650 1 7 |a Humanisme (levensbeschouwing)  |2 gtt 
650 1 7 |a Levensbeschouwing.  |2 gtt 
650 1 7 |a Filosofische aspecten.  |2 gtt 
758 |i has work:  |a The foundations of humanism (Text)  |1 https://id.oclc.org/worldcat/entity/E39PCGjg9GFpv8KWVcrP8DHCjP  |4 https://id.oclc.org/worldcat/ontology/hasWork 
776 0 8 |i Online version:  |a Praag, J.P. van, 1911-1981.  |s Grondslagen van humanisme. English.  |t Foundations of humanism.  |d Buffalo, N.Y. : Prometheus Books, 1982  |w (OCoLC)610181726 
856 4 2 |3 Publisher description  |u http://catdir.loc.gov/catdir/enhancements/fy1309/82081708-d.html  |t 0 
938 |a Baker & Taylor  |b BKTY  |c 39.00  |d 29.25  |i 0879751673  |n 0000584167  |s active 
938 |a YBP Library Services  |b YANK  |n 949286 
948 |h HELD BY TXA - 243 OTHER HOLDINGS 
994 |a Z0  |b TXA 
999 f f |s f6f8776c-fba0-36a8-ab29-a1062c528ff6  |i 5ebb49d2-3305-3eab-a6fd-143c6731ef5f  |t 0 
952 f f |p ric  |a Texas A&M University  |b Rellis Campus  |c Joint Library Facility  |d Remote Storage  |t 0  |e B821 .P6913 1982  |h Library of Congress classification  |i unmediated -- volume  |m A14807400583 
998 f f |a B821 .P6913 1982  |t 0  |l Remote Storage